| 000 | 00710nam a22001577a 4500 | ||
|---|---|---|---|
| 003 | OSt | ||
| 005 | 20150918151757.0 | ||
| 008 | 150918b xxu||||| |||| 00| 0 eng d | ||
| 040 | _cRUA | ||
| 082 | _aAGR KHE 2006 B034 Or.1 | ||
| 100 |
_9776 _aKHEANG, SER. |
||
| 245 | _aEffect of organic fertilizer on the bunching onion at crop station in royal university of agriculture ឥទ្ធិពលជីសរីរាង្គលើដំណាំខ្ទឹមស្លឹកនៅស្ថានីយ៏ពិសោធន៏ំដំណាំសាកលវិទ្យាល័យភូមិន្ទកសិកម្ម | ||
| 260 |
_aPhnom Penh _bRUA _c2006 |
||
| 300 |
_a53p. _bill. _c29cm. |
||
| 942 |
_2ddc _cAGR |
||
| 999 |
_c743 _d743 |
||